Central Library OPAC University of Rajshahi

Studies in the theory of economic expansion / (Record no. 42775)

MARC details
000 -LEADER
fixed length control field 00961nam a2200325Ii 4500
001 - CONTROL NUMBER
control field 42775
003 - CONTROL NUMBER IDENTIFIER
rucl marc code (BD-RJUL)
005 - DATE AND TIME OF LATEST TRANSACTION
control field 20211209053605.0
008 - FIXED-LENGTH DATA ELEMENTS--GENERAL INFORMATION
fixed length control field 160615s1954 nyu b 000 0 eng d
035 ## - SYSTEM CONTROL NUMBER
System control number (BD-RJUL) 42893
System control number (OCoLC)04636024
040 ## - CATALOGING SOURCE
Original cataloging agency NJG
Transcribing agency NJG
Modifying agency MYG
Language of cataloging eng
041 ## - LANGUAGE CODE
Language code of text/sound track or separate title eng
082 ## - DEWEY DECIMAL CLASSIFICATION NUMBER
Edition number 23
Classification number 330
Author mark and year LUS 1954
090 ## - LOCALLY ASSIGNED LC-TYPE CALL NUMBER (OCLC); LOCAL CALL NUMBER (OCLC)
Classification number (OCLC) (R) ; Classification number, CALL (RLIN) (NR) HB179
Local cutter number (OCLC) ; Book number/undivided call number, CALL (RLIN) .L83 1954
100 1# - MAIN ENTRY--PERSONAL NAME
Personal name Lundberg, Erik,
Dates associated with a name 1907-
9 (RLIN) 131458
245 10 - TITLE STATEMENT
Title Studies in the theory of economic expansion /
Statement of responsibility, etc. by Erik Lundberg.
260 ## - PUBLICATION, DISTRIBUTION, ETC. (IMPRINT)
Place of publication, distribution, etc. New York :
Name of publisher, distributor, etc. Kelley & Millman,
Date of publication, distribution, etc. 1954.
300 ## - PHYSICAL DESCRIPTION
Pagination x, 265 p. :
Size 22 cm.
490 1# - SERIES STATEMENT
Series statement Reprints of economic classics
500 ## - GENERAL NOTE
General note Bibliography: p. [262]-265.
650 #0 - SUBJECT ADDED ENTRY--TOPICAL TERM
Topical term or geographic name as entry element Economics.
9 (RLIN) 131459
Topical term or geographic name as entry element Economics, Mathematical.
9 (RLIN) 116902
Topical term or geographic name as entry element Money.
9 (RLIN) 131460
Topical term or geographic name as entry element Business cycles.
9 (RLIN) 130599
830 #0 - SERIES ADDED ENTRY--UNIFORM TITLE
Uniform title Reprints of economic classics.
942 ## - ADDED ENTRY ELEMENTS (KOHA)
Source of classification or shelving scheme Dewey Decimal Classification
Koha item type Books
946 ## - LOCAL PROCESSING INFORMATION (OCLC)
a t
949 ## - LOCAL PROCESSING INFORMATION (OCLC)
a c
p 39080020357296
Holdings
Lost status Source of classification or shelving scheme Damaged status Not for loan Collection code Permanent Location Current Location Shelving location Date acquired Source of acquisition Cost, normal purchase price Total Checkouts Full call number Date last seen Copy number Koha item type
  Dewey Decimal Classification     Non-fiction Central Library, University of Rajshahi Central Library, University of Rajshahi   28/01/1963 Zeithlinger 46.00   330 LUS 1954 15/06/2016 C-2 Books
  Dewey Decimal Classification     Non-fiction Central Library, University of Rajshahi Central Library, University of Rajshahi   28/01/1963 Zeithlinger 46.00   330 LUS 1954 15/06/2016 C-3 Books